00785nam a22001937a 4500010001300000020001100013035001300024037001800037040001200055082001300067110007800080245012100158260010200279270009600381300002200477650002500499650003000524650003700554 aA-701732 c110.00 aA-701732 bCen Lib / Ret aDPLbEN a080bIND b India. Ministry of Information and Broadcasting. Publications Division. aChandra Shekhar selected speeches 1990-91 /cIndia. Ministry of Information and Broadcasting. Publications Division. aNew DelhibPublications Division, Ministry of Information and Broadcasting, Govt. of India,c1993 aPublications Division, Ministry of Information and Broadcasting, Govt. of India,bNew Delhi a147p ; b27cm(Hb) aPresidents -- India. aSpeeches, addresses, etc. aIndia -- Politics and government